Tam quốc diễn nghĩa liên hoàn họa : Truyện tranh Tập 36 Đơn đao phó hội
Tập kể lại chuyện Lỗ Túc mời Quan Vân Trường qua Đông Ngô dự tiệc, muốn bàn chuyện đòi Kinh Châu. Quan Vũ một mình, một đao vào dự tiệc.
সংরক্ষণ করুন:
| প্রধান লেখক: | |
|---|---|
| অন্যান্য লেখক: | , , , |
| বিন্যাস: | গ্রন্থ |
| ভাষা: | Vietnamese |
| প্রকাশিত: |
H.
Văn học
2016
|
| সংস্করন: | Tái bản lần thứ 1 |
| বিষয়গুলি: | |
| ট্যাগগুলো: |
ট্যাগ যুক্ত করুন
কোনো ট্যাগ নেই, প্রথমজন হিসাবে ট্যাগ করুন!
|
| Thư viện lưu trữ: | Thư viện Trường Đại học Nam Cần Thơ |
|---|
| LEADER | 01535nam a22002657a 4500 | ||
|---|---|---|---|
| 001 | NCT_4_020924 | ||
| 008 | 250524b xxu||||| |||| 00| 0 vie d | ||
| 999 | |c 9022 |d 9022 | ||
| 020 | |a 9786046975274 |c 11500 | ||
| 082 | 0 | 4 | |2 23rd ed. |a 895.1 |b Tr513/T.36 |
| 100 | 1 | |a La Quán Trung | |
| 245 | 1 | 0 | |a Tam quốc diễn nghĩa liên hoàn họa : |b Truyện tranh |n Tập 36 |p Đơn đao phó hội |c La Quán Trung (Nguyên tác) ; Điền Y (Lời) ; Uông Ngọc Sơn, Phùng Mặc Nông (Tranh) ; Trần Đình Chiến (Dịch) |
| 250 | |a Tái bản lần thứ 1 | ||
| 260 | |a H. |b Văn học |c 2016 | ||
| 300 | |a 116 tr. |b Minh họa |c 16 x 12 cm | ||
| 500 | |a Đông A biên chỉnh theo bản Tam quốc diễn nghĩa do Phan Kế Bính dịch, Bùi Kỷ hiện đính, Nxb. Phổ thông, 1659-1960 | ||
| 520 | 3 | |a Tập kể lại chuyện Lỗ Túc mời Quan Vân Trường qua Đông Ngô dự tiệc, muốn bàn chuyện đòi Kinh Châu. Quan Vũ một mình, một đao vào dự tiệc. | |
| 653 | |a Tham khảo | ||
| 700 | 1 | |a Điền Y |e Lời | |
| 700 | 1 | |a Uông Ngọc Sơn |e Tranh | |
| 700 | 1 | |a Phùng Mặc Nông |e Tranh | |
| 700 | 1 | |a Trần Đình Chiến |e Dịch | |
| 942 | |2 ddc |c BK | ||
| 952 | |0 0 |1 0 |2 ddc |4 0 |6 895_100000000000000_TR513_T_36 |7 0 |9 30831 |a 000001 |b 000001 |d 2025-05-24 |o 895.1 Tr513/T.36 |p TK.05531 |r 2025-05-24 |v 11500.00 |w 2025-05-24 |y BK | ||
| 980 | |a Thư viện Trường Đại học Nam Cần Thơ | ||


